000 00416nam a2200157 i 4500
001 65409
003 ES-MaACL
005 20230906165350.0
007 t|
008 040113s1912 it ||||1| ita d
100 1 _aFrenzi, Giulio de.
_952515
245 1 0 _aIgnacio Zuloaga /
_cGiulio de Frenzi.
260 _aRoma :
_bGaetano Garzoni,
_c1912 (
_fProvenzani)
500 _aCon 118 il.
852 _aES-MaACL
_jT-1386-F-8
999 _c65409
_d65409